00930nam a2200241Ia 450000100060000000300090000600800410001504000130005604000130006904100130008210000200009510000290011524500340014424500340017825000110021226000100022326000280023326000490026130000430031050002780035365000260063165000310065737951IT-RoPAU130308s9999 xx 000 0 und d aIT-RoPAU cIT-RoPAU aFRANCESE aSchwarz Daniele gCodice Aut. SPICS: 17485 aConservation des images fixes bConservation des Images Fixes a1a ed. aPARIS bDocumentation Francaise c1977 [1° Ed.:1977 - Ed.Ling.Originale:1977] a"168 p. (prefazione: no ; testo: 168)" aConservazione delle immagini fisse principali Documenti fotografici Conservati Documenti Antichi e moderni Deterioramenti Piu' frequenti Trattamento delle immagini Condizioni Favorevoli a una buona conservazione Conservazione in paesi Tropicali microfilm norme Bibliografia aINDUSTRIA FOTOGRAFICA eCodice materia Spics: 6756